| 000 | 02355nam a2200289Ia 4500 | ||
|---|---|---|---|
| 003 | OSt | ||
| 005 | 20211029162836.0 | ||
| 008 | 210310s1999 cl fr 000 0 spa d | ||
| 020 | _a9567813051 | ||
| 040 |
_aCO-JMCR _cCO-JMCR |
||
| 041 | 0 | _aspa | |
| 082 | 0 | 4 |
_a338.983 / _bI597i _223 |
| 110 | 2 |
_aInstituto Latinoamericano y del Caribe de Planificación Económica y Social. _941356 |
|
| 245 | 1 | 0 |
_aInstituciones y actores del desarrollo territorial en el marco de la globalización / _cInstituto Latinoamericano y del Caribe de Planificación Económica y Social, Universidad del Bío-Bío |
| 250 | _aPrimera edición | ||
| 260 |
_aSantiago de Chile : _bEdiciones Universidad del Bío-Bío, _c1999 |
||
| 300 |
_a386 páginas ; _c28 cm. |
||
| 500 | _aIncluye notas a pie de página. | ||
| 505 | 0 | _aDescentralización y desarrollo territorial. País armónico -- Políticas públicas, instituciones y actores económicos. Estudios territoriales -- Conceptos y metodología del desarrollo territorial -- Política y regionalización | |
| 520 | 3 | _aEl presente libro contiene material conceptual, metodológico y de campo de primer nivel en el tema del desarrollo y la regionalización en el marco de la globalización. Se organiza en cuatro temas centrales: I. Descentralización y desarrollo territorial. País armónico; II. Políticas públicas, instituciones y actores económicos. Estudios territoriales; III. Conceptos y metodologías del desarrollo territorial; y IV. Política y regionalización, En él los autores reflexionan y argumentan de manera novedosa y universal, con una mirada desde el territorio mismo, tratando cada uno de los temas con imaginación y rigurosidad, como resultado de una praxis experimental y teórica madura. El material aquí propuesto constituye un instrumento de consulta y manejo indispensable para líderes y actores relevantes del continente, el país y sus regiones, sean éstos académicos, funcionarios públicos, empresarios, directivos sociales, estudiantes universitarios y políticos con la mente y el corazón puesto en el desarrollo. | |
| 650 | 1 | 4 |
_aDescentralización en el gobierno _918014 _zChile |
| 650 | 2 | 4 |
_aHistoria económica _zChile _941357 |
| 650 | 2 | 4 |
_aPolítica económica _941358 |
| 650 | 2 | 4 |
_aGlobalización _941359 |
| 710 | 2 |
_aUniversidad del Bío-Bío _941360 |
|
| 942 |
_2ddc _cBK |
||
| 999 |
_c8694 _d8694 |
||